Southville International School and Colleges
Your cart is empty.
  • Cart
  • Lists
    Public lists Eva Luna New books Lux_list list_1
    Your lists Log in to create your own lists
  • Log in to your account
  • Your cookies
  • Search history
Southville International School and Colleges
  • Advanced search
  • Recent comments
  • Most popular
  • Libraries

Log in to your account

Log in with GOOGLE


If you do not have an external account, but do have a local account, you can still log in:

  1. Home
  2. MARC view: Don't know much about history :
Normal view MARC view ISBD view

Don't know much about history : (Record no. 9566)

[ view plain ]
MARC details
000 -LEADER
fixed length control field 00840cam a2200277 a 4500
001 - CONTROL NUMBER
control field 1036686
003 - CONTROL NUMBER IDENTIFIER
control field OSt
005 - DATE AND TIME OF LATEST TRANSACTION
control field 20140310182123.0
008 - FIXED-LENGTH DATA ELEMENTS--GENERAL INFORMATION
fixed length control field 891012s1990 nyu b 001 0 eng
010 ## - LIBRARY OF CONGRESS CONTROL NUMBER
LC control number 89025215
020 ## - INTERNATIONAL STANDARD BOOK NUMBER
International Standard Book Number 7100101095
040 ## - CATALOGING SOURCE
Original cataloging agency DLC
Transcribing agency DLC
Modifying agency DLC
043 ## - GEOGRAPHIC AREA CODE
Geographic area code n-us---
050 00 - LIBRARY OF CONGRESS CALL NUMBER
Classification number E178.25
Item number .D261 1990
082 00 - DEWEY DECIMAL CLASSIFICATION NUMBER
Classification number HS 973
Item number D37 1990
100 1# - MAIN ENTRY--PERSONAL NAME
Personal name Davis, Kenneth C.
9 (RLIN) 14125
245 10 - TITLE STATEMENT
Title Don't know much about history :
Remainder of title everything you need to know about American history, but never learned /
Statement of responsibility, etc Kenneth C. Davis.
250 ## - EDITION STATEMENT
Edition statement 1st ed.
260 ## - PUBLICATION, DISTRIBUTION, ETC. (IMPRINT)
Place of publication, distribution, etc New York :
Name of publisher, distributor, etc Crown,
Date of publication, distribution, etc c1990.
300 ## - PHYSICAL DESCRIPTION
Extent xv, 462 p. ;
Dimensions 24 cm.
650 #0 - SUBJECT ADDED ENTRY--TOPICAL TERM
Topical term or geographic name as entry element Questions and answers.
9 (RLIN) 4945
651 #0 - SUBJECT ADDED ENTRY--GEOGRAPHIC NAME
Geographic name United States
General subdivision History
-- Miscellanea.
9 (RLIN) 14126
906 ## - LOCAL DATA ELEMENT F, LDF (RLIN)
a 7
b cbc
c orignew
d 1
e ocip
f 19
g y-gencatlg
942 ## - ADDED ENTRY ELEMENTS (KOHA)
Source of classification or shelving scheme Library of Congress Classification
Holdings
Withdrawn status Lost status Source of classification or shelving scheme Damaged status Home library Current library Shelving location Date acquired Total Checkouts Full call number Barcode Date last seen Copy number Price effective from Koha item type
    Library of Congress Classification   Luxembourg Library Luxembourg Library High School Section 08/27/2013   E 178.25 .D37 1990 2271 02/11/2016 1 10/03/2013 Books

Don't know much about history :

APA

Davis K. C., . (1990). Don't know much about history. New York: Crown.

Chicago

Davis Kenneth C, . 1990. Don't know much about history. New York: Crown.

Harvard

Davis K. C., . (1990). Don't know much about history. New York: Crown.

MLA

Davis Kenneth C, . Don't know much about history. New York: Crown. 1990.

  • Place hold
  • Print
  • Cite
  • Add to your cart (remove)
  • Save record
    BIBTEX Dublin Core MARCXML MARC (non-Unicode/MARC-8) MARC (Unicode/UTF-8) MARC (Unicode/UTF-8, Standard) MODS (XML) RIS
  • More searches
    Search for this title in:
    Other Libraries (WorldCat) Other Databases (Google Scholar) Online Stores (Bookfinder.com) Open Library (openlibrary.org)

Exporting to Dublin Core...

SOUTHVILLE LIBRARY

Southville International School and Colleges Library

1281 Tropical Ave. Cor. Luxembourg St., BF Homes International, Las Pinas City

Tel. No. 8256374 / 252358 Loc. 117/146

Powered by Koha